| 000 | 01549nam a22003857a 4500 | ||
|---|---|---|---|
| 003 | CHAP | ||
| 005 | 20220329143217.0 | ||
| 008 | 010920d2007 mx abd r 00110 spa d | ||
| 010 | _a93361 | ||
| 011 | _a94333 | ||
| 035 | _a104920 | ||
| 040 | _cCHAP | ||
| 090 | _aTesis | ||
| 100 | 1 |
_aNolasco Bautista, Reina _981608 |
|
| 245 | 1 | 0 |
_aEstudio de factibilidad técnico-económico para la instalación y puesta en marcha de una empacadora de naranja (Citrus sinensis L.) en el municipio de Francisco Z. Mena, Puebla _c/por Reina Nolasco Bautista y Gilberto Pérez Cruz |
| 260 |
_aChapingo, Méx. : _bEl autor, _c2007 |
||
| 300 |
_a96 h. : _bilus. ; gráfs. ; mapas ; cuadros ; anexos |
||
| 502 | _aTesis (Ing. Agroindustrial) -- UACH. Departamento de Agroindustrias | ||
| 590 |
_aALEPH _b10 _c20130110 _lUCH01 _h1517 |
||
| 590 |
_aBATCH-UPD _b10 _c20130110 _lUCH01 _h0326 |
||
| 590 |
_aBATCH-UPD _b10 _c20130110 _lUCH01 _h1650 |
||
| 590 |
_aBATCH-UPD _b10 _c20130409 _lUCH01 _h2359 |
||
| 590 |
_aBATCH-UPD _b10 _c20130914 _lUCH01 _h1329 |
||
| 590 |
_aCONVERSION _b10 _c20130109 _lUCH01 _h1352 |
||
| 650 | 1 | 4 |
_aEstudios de factibilidad. _938520 |
| 650 | 1 | 4 |
_aNaranja _xAspectos económicos. _980133 |
| 650 | 1 | 4 |
_aNaranja _xEmpaque. _980154 |
| 650 | 1 | 4 |
_aNaranja _zPuebla. _980197 |
| 700 | 1 |
_aPéres Cruz, Gilberto. _989488 |
|
| 901 | _aBK | ||
| 905 | _aMarco A. Mendoza T. | ||
| 942 | _cFOLL | ||
| 949 |
_aTesis _bBC _cTES _d33724002024040 _eTS1 _gDonaciØn _h46529 _i104920 _sb |
||
| 949 |
_aTesis _bBC _cTES _d33724002024058 _eTS2 _fc.2 _gDonaciØn _h46530 _i104920 _si |
||
| 999 |
_c93361 _d93361 |
||